000 00568nam a2200229Ia 4500
003 OSt
005 20220924150514.0
006 a|||||r|||| 00| 0
007 ta
008 220923b |||||||| |||| 00| 0 tel d
024 _a333394
037 _cTextual
040 _aARTS
_cARTS
_btel
041 _2tel
_atel
082 _aO35,1NKR1x, N1
100 _aRao C.V.Krishna
_9222277
245 0 _aAvisrantham
260 _c1991
650 _aTELUGU POETRY
942 _hO35,1NKR1x, N1
_cTEXL
_2CC
999 _c463577
_d463577